Debemos desnudar los planes de Daniel Ortega desde la izquierda /

Enregistré dans:
Détails bibliographiques
Auteur principal: Baltodano, Mónica
Format: Texte
Tags: Ajouter un tag
Pas de tags, Soyez le premier à ajouter un tag!

MARC

LEADER 00000 a a2200000 04500
001 45407
003
040
100 |a Baltodano, Mónica  
245 |a Debemos desnudar los planes de Daniel Ortega desde la izquierda /  |c Mónica Baltodano  
773 |g volumen26, número309 ( , 2007), páginas 13-19  
999 |c 37171  |d 37171